Football (soccer) World Cup Winners - Statistics

General Stats
  • This quiz has been taken 416 times
  • The average score is 7 of 8
Answer Stats
Rank Team % Correct
# 1 Brazil
96%
# 7 France
95%
# 3 Germany
94%
# 5 Argentina
91%
# 2 Italy
87%
# 8 Spain
85%
# 6 England
81%
# 4 Uruguay
77%
No matching quizzes found
Score Distribution
Percent of People with Each Score
Percentile by Number Answered
Your Score History
You have not taken this quiz